The Hungarian Monarchs - Statistics

General Stats
  • This quiz has been taken 128 times
  • The average score is 22 of 37
Answer Stats
Reign House Answer % Correct
1000-1038 Arpad Stephen I
93%
1116-1131 Arpad Stephen II
93%
1163-1165 Arpad Stephen III
93%
1165-1172 Arpad Stephen IV
93%
1270-1272 Arpad Stephen V
93%
1342-1382 Anjou Louis I
77%
1516-1526 Jagiellon Louis II
77%
1526-1540 Zapolya John I
73%
1540-1570 Zapolya John II
73%
1307-1342 Anjou Charles I
71%
1385-1386 Anjou Charles II
71%
1060-1063 Arpad Bela I
70%
1131-1141 Arpad Bela II
70%
1172-1196 Arpad Bela III
70%
1235-1270 Arpad Bela IV
70%
1386-1437 Luxembourg Sigismund
64%
1046-1060 Arpad Andrew I
63%
1205-1235 Arpad Andrew II
63%
1290-1301 Arpad Andrew III
63%
1038-1041 Arpad Peter I
57%
1077-1095 Arpad Ladislaus I
54%
1162-1163 Arpad Ladislaus II
54%
1204-1205 Arpad Ladislaus III
54%
1272-1290 Arpad Ladislaus IV
54%
1439-1457 Luxembourg Ladislaus V
54%
1074-1077 Arpad Geza I
53%
1141-1162 Arpad Geza II
53%
1382-1385, 1386-1395 Anjou Mary
52%
1041-1044, 1044-1046 Arpad Samuel
42%
1305-1307 Arpad Otto
40%
1063-1074 Arpad Solomon
40%
1095-1116 Arpad Coloman
38%
1437-1439 Luxembourg Albert
34%
1490-1516 Jagiellon Vladislaus
33%
1301-1305 Premyslid Wenceslaus III
30%
1196-1204 Arpad Emeric
28%
1457-1490 Hunyadi Matthias Corvinus
22%
No matching quizzes found
Score Distribution
Percent of People with Each Score
Percentile by Number Answered
Your Score History
You have not taken this quiz